01197 2200361 4500001002100000005001500021035002000036007000300056008004100059040002200100100002300122245016300145300004500308504003400353020002200387082001400409084001600423090002200439250003500461264003400496336002100530337003000551338002300581650002500604700003000629700002700659700002300686700003700709700003300746850001200779999002200791990002200813INLIS00000000087676820230807011334 a0010-0323000035ta230301s2022 yoia g 000 0 ind d aYOPDYOGbinderda aMaryanaePengarang10aMenyiapkan soft skills bagi lulusan mahasiswa kesehatan /cMaryana, Agus Wijanarka, Eko Suryani, Iswanto, Herni Endah Widyawati ; penyunting, Bramma Aji Putra ax, 162 halaman :bgambar, tabel ;c21 cm aBibliografi : halaman 151-160 a978-623-261-510-604223a362.1 a362.1 MAR m aCB-D.11 2022-2329 aCetakan Pertama, November 202231aBantul :bSamudra Biru,c2022 2rdacontentateks 2rdamediaatanpa perantara 2rdacarrieravolume 4aKesehatan, pelayanan0 aAgus WijanarkaePengarang0 aEko SuryaniePengarang0 aIswantoePengarang0 aHerni Endah WidyawatiePengarang0 aBramma Aji PutraePenyunting aYOPDYOG aCB-D.11/2022-2329 aCB-D.11/2022-2329